000 00320nam a22001337a 4500
020 _a0120499428
082 _222
_a005.133
100 _aAlger, Jeff.
245 _aC++ for real programmers /
250 _a2nd.
260 _aLondon,
_bAP Professional,
_cc1998.
300 _axii, 388p. ;
_bill. ;
_c23 cm.
942 _2ddc
_cIT
999 _c1809
_d1809